000 00614nam a2200193Ia 4500
003 IN-BaIIA
008 211028s9999 xx 000 0 eng d
040 _cIIA Library
080 _a621.396.67
_bHAN-2
245 0 _aMicrowave scanning antenna
_bvol. 2, array theory and practice
_cedited by R. C. Hansen
260 _aNew York
_bAcademic Press
_c1966
300 _axv, 400p.
650 _aAntennas
_92176
650 _aMicrowave Scanning
_95249
650 _aMicrowave Scattering
_95250
650 _aNASA Thesaurus
700 _aHansen, R. C., ed.
_95251
942 _cBK
999 _c2942
_d2942